Puesta en marcha de la máquina CNC biaxial ATS superbot del Laboratorio de Automática
Salvato in:
| Autore principale: | |
|---|---|
| Altri autori: | |
| Natura: | Libro |
| Pubblicazione: |
[San José], Costa Rica
2013
|
| Soggetti: | |
| Tags: |
Aggiungi Tag
Nessun Tag, puoi essere il primo ad aggiungerne!!
|
MARC
| LEADER | 00000nam a22000007a 4500 | ||
|---|---|---|---|
| 003 | 012032 | ||
| 005 | 20230628075349.0 | ||
| 008 | 150220b2013 cr a|||| |||| 00| ||s d | ||
| 040 | |c cru CEDI | ||
| 100 | |9 811 |a Porras Gómez, Denis, 1984- | ||
| 245 | |a Puesta en marcha de la máquina CNC biaxial ATS superbot del Laboratorio de Automática | ||
| 260 | |a [San José], Costa Rica |c 2013 | ||
| 500 | |a Proyecto de graduación (bachillerato en ingeniería eléctrica)-- Universidad de Costa Rica. Facultad de Ingeniería. Escuela de Ingeniería Eléctrica | ||
| 501 | |a Profesor Guía de IE-0499 Proyecto Eléctrico: Ing. Mauricio Espinoza Bolaños | ||
| 650 | |x CONTROL ELECTRONICO |x CIRCUITOS ELECTRONICOS |x ELECTRONICA DIGITAL |x CONTROL AUTOMATICO |x CONTROLADORES LOGICOS PROGRAMABLES |9 192 | ||
| 700 | |9 739 |a Espinoza Bolaños, Mauricio, 1986- |d Director de Proyecto Eléctrico | ||
| 942 | |c CEDI |h TFG 7198 |6 TFG_7198_000000000000000 | ||
| 999 | |c 13581 |d 13581 | ||
